Design of concrete structures (Record no. 3622)

000 -LEADER
fixed length control field 00547nam a22002057a 4500
001 - CONTROL NUMBER
control field 3622
003 - CONTROL NUMBER IDENTIFIER
control field BD-DhUET
008 - FIXED-LENGTH DATA ELEMENTS--GENERAL INFORMATION
fixed length control field 141102b xxu||||| |||| 00| 0 eng d
040 ## - CATALOGING SOURCE
Transcribing agency 0
Modifying agency BD-DhUET
082 ## - DEWEY DECIMAL CLASSIFICATION NUMBER
Classification number 624.183
Item number WIN/1972
100 ## - MAIN ENTRY--PERSONAL NAME
Personal name Winter, George
245 ## - TITLE STATEMENT
Title Design of concrete structures
Statement of responsibility, etc. by George Winter and Arthur H. Nilson
250 ## - EDITION STATEMENT
Edition statement 8th ed.
260 ## - PUBLICATION, DISTRIBUTION, ETC. (IMPRINT)
Place of publication, distribution, etc. New York
Name of publisher, distributor, etc. McGraw-Hill
Date of publication, distribution, etc. 1972
300 ## - PHYSICAL DESCRIPTION
Extent xii,615p.
504 ## - BIBLIOGRAPHY, ETC. NOTE
Bibliography, etc Includes bibliographies
650 #0 - SUBJECT ADDED ENTRY--TOPICAL TERM
Topical term or geographic name as entry element Reinforced concrete
700 ## - ADDED ENTRY--PERSONAL NAME
Personal name Nilson, Arthur H.
942 ## - ADDED ENTRY ELEMENTS (KOHA)
Koha item type General Book
Holdings
Koha item type Not for loan Koha full call number Piece designation (barcode) Date acquired Koha date last borrowed Koha date last seen Location (home branch) Damaged status Sublocation or collection (holding branch) Copy number Withdrawn status Koha normalized classification for sorting Price effective from Source of classification or shelving scheme Lost status Shelving location Koha issues (times borrowed)
General Book 624.183/WIN/1972398702014-11-022025-05-262025-06-18Central Library, BUET Central Library, BUET1 624_183000000000000_WIN_19722014-11-02  Circulation section2
General Book 624.183/WIN/1972442532014-11-022025-05-262025-05-28Central Library, BUET Central Library, BUET2 624_000000000000000_183WIN19722014-11-02  Circulation section1
General Book 624.183/WIN/1972398692014-11-18 2014-11-18Central Library, BUET Central Library, BUET3 624_000000000000000_183WIN19722014-11-18  Circulation section 
General Book 624.183/WIN/1972398712014-11-18 2014-11-18Central Library, BUET Central Library, BUET4 624_000000000000000_183WIN19722014-11-18  Circulation section 
General Book 624.183/WIN/1972428442015-02-222025-05-272025-06-28Central Library, BUET Central Library, BUET5 624_183000000000000_WIN_19722015-02-22  Circulation section2
General Book 624.183/WIN/1972549302015-02-22 2015-02-22Central Library, BUET Central Library, BUET6 624_183000000000000_WIN_19722015-02-22  Circulation section 
General Book 624.183/WIN/1972451122015-05-072025-05-262025-05-27Central Library, BUET Central Library, BUET7 624_183000000000000_WIN_19722015-05-07  Circulation section1